Argentina: enfermedad con pronósticos inciertos /
La Argentina experimenta una crisis global, que abarca la economía, la sociedad y la política. El Estado ha colapsado y las instituciones representativas se disgregan. Esta crisis sanciona el fin de una época y confusamente se abre una disputa por la formación de una nueva hegemonía política. El paí...
Uloženo v:
| Hlavní autor: | |
|---|---|
| Médium: | Text |
| Témata: | |
| Tagy: |
Přidat tag
Žádné tagy, Buďte první, kdo vytvoří štítek k tomuto záznamu!
|
MARC
| LEADER | 00000 a a2200000 04500 | ||
|---|---|---|---|
| 001 | 10705 | ||
| 003 | |||
| 040 | |||
| 100 | |a Godio, Julio | ||
| 245 | |a Argentina: |b enfermedad con pronósticos inciertos / |c Julio Godio | ||
| 520 | |a La Argentina experimenta una crisis global, que abarca la economía, la sociedad y la política. El Estado ha colapsado y las instituciones representativas se disgregan. Esta crisis sanciona el fin de una época y confusamente se abre una disputa por la formación de una nueva hegemonía política. El país sufre el impacto de dos enfermedades: una antigua, el agotamiento del modelo de industrialización semiautárquico |a la otra más reciente, la violenta incorporación neoliberal a la globalización. El gobierno surgido en enero de 2002 es neodesarrollista. La economía ha logrado estabilizarse y la conflictividad social ha disminuido, pero persiste una fuerte crisis política, derivada de la resistencia activa de la sociedad a los partidos políticos | ||
| 650 | |a CRISIS | ||
| 650 | |a ESTADO | ||
| 650 | |a RECESION ECONOMICA | ||
| 650 | |a CONFLICTOS SOCIALES | ||
| 650 | |a CONFLICTOS POLITICOS | ||
| 650 | |a ASPECTOS POLITICOS | ||
| 773 | |g número 183; páginas 4-10 | ||
| 999 | |c 28426 |d 28426 | ||
